[Event "SVK-chT2A 2223"]
[Site "Slovakia"]
[Date "2023.03.25"]
[Round "10.2"]
[White "Gasa, Patrik"]
[Black "Janos, Ivan"]
[Result "1-0"]
[WhiteElo "2139"]
[BlackElo "2021"]
[PlyCount "75"]
[EventDate "2022.10.08"]
[EventType "team-tourn"]
[EventRounds "11"]
[EventCountry "SVK"]
[SourceTitle "EXT 2024"]
[Source "ChessBase"]
[SourceDate "2023.10.10"]
[SourceVersion "1"]
[SourceVersionDate "2023.10.10"]
[SourceQuality "1"]
[WhiteTeam "Piestany Kupele"]
[BlackTeam "Krasnany"]
[WhiteTeamCountry "SVK"]
[BlackTeamCountry "SVK"]

1. d4 Nf6 2. Nf3 e6 3. Bf4 c5 4. e3 Nd5 5. Bg3 Qb6 6. Qc1 cxd4 7. exd4 Nc6 8. c3 Nf6 9. Nbd2 d5 10. Bd3 Be7 11. 0-0 h6 12. Ne5 Nh5 13. Nxc6 bxc6 14. b4 Nxg3 15. hxg3 Ba6 16. Qc2 0-0 17. Nb3 Rab8 18. Bh7+ Kh8 19. Rfe1 Bd6 20. Bd3 Rbe8 21. Nc5 Bxc5 22. dxc5 Bxd3 23. Qxd3 Qc7 24. c4 a5 25. a3 axb4 26. axb4 Ra8 27. Rxa8 Rxa8 28. cxd5 exd5 29. b5 cxb5 30. Qxb5 Qa5 31. Re8+ Kh7 32. Qd3+ g6 33. Qxd5 Ra7 34. Qd6 Qa1+ 35. Kh2 Ra6 36. c6 Qg7 37. Qc5 Qf6 38. c7 1-0

[Event "SVK-chT2A 2223"]
[Site "Slovakia"]
[Date "2022.10.09"]
[Round "2.3"]
[White "Lacko, Anton"]
[Black "Janos, Ivan"]
[Result "1/2-1/2"]
[WhiteElo "1902"]
[BlackElo "2021"]
[PlyCount "86"]
[EventDate "2022.10.08"]
[EventType "team-tourn"]
[EventRounds "11"]
[EventCountry "SVK"]
[SourceTitle "CBM 210 Extra"]
[Source "ChessBase"]
[SourceDate "2022.11.30"]
[SourceVersion "1"]
[SourceVersionDate "2022.11.30"]
[SourceQuality "1"]
[WhiteTeam "Senec"]
[BlackTeam "Krasnany"]
[WhiteTeamCountry "SVK"]
[BlackTeamCountry "SVK"]

1. e4 c5 2. Nf3 d6 3. d4 cxd4 4. Nxd4 Nf6 5. Nc3 a6 6. g3 e6 7. Bg2 Be7 8. 0-0 Nc6 9. Nb3 Bd7 10. a4 Ne5 11. h3 Rc8 12. Nd4 Qc7 13. Kh2 h5 14. f3 h4 15. g4 g5 16. Kh1 Rg8 17. Nde2 Bc6 18. b3 Rd8 19. Qe1 d5 20. exd5 Nxd5 21. Nxd5 Bxd5 22. Qc3 Qxc3 23. Nxc3 Bc6 24. f4 Bxg2+ 25. Kxg2 Nc6 26. fxg5 Bxg5 27. Bxg5 Rxg5 28. Rad1 Rxd1 29. Rxd1 Rc5 30. Ne4 Rxc2+ 31. Kf3 Ke7 32. Kf4 f6 33. g5 e5+ 34. Kg4 fxg5 35. Kxg5 Re2 36. Nc5 Nd4 37. Kxh4 Rg2 38. Rd3 Nf5+ 39. Kh5 Ng7+ 40. Kh4 Kf6 41. Nd7+ Ke6 42. Nc5+ Kf5 43. Rg3 Rc2 1/2-1/2

[Event "SVK-chT2A 2122"]
[Site "Slovakia"]
[Date "2022.03.05"]
[Round "5.2"]
[White "Nicolini, Alexander"]
[Black "Janos, Ivan"]
[Result "1/2-1/2"]
[WhiteElo "2158"]
[BlackElo "2009"]
[PlyCount "42"]
[EventDate "2021.10.16"]
[EventType "team-tourn"]
[EventRounds "11"]
[EventCountry "SVK"]
[SourceTitle "EXT 2023"]
[Source "ChessBase"]
[SourceDate "2022.10.05"]
[SourceVersion "1"]
[SourceVersionDate "2022.10.05"]
[SourceQuality "1"]
[WhiteTeam "Pezinok"]
[BlackTeam "Krasnany"]
[WhiteTeamCountry "SVK"]
[BlackTeamCountry "SVK"]

1. e4 c5 2. Nf3 d6 3. c3 Nf6 4. Bd3 Nc6 5. h3 e5 6. 0-0 Be7 7. Bc2 0-0 8. Re1 Qc7 9. Na3 Na5 10. d4 Bd7 11. Qe2 a6 12. Bg5 b5 13. Rac1 Rac8 14. Bb1 h6 15. Be3 Qb8 16. Nd2 cxd4 17. cxd4 Rxc1 18. Rxc1 Rc8 19. Qd1 Rxc1 20. Qxc1 Qc8 21. Qxc8+ Bxc8 1/2-1/2

[Event "SVK-chT2A 1920"]
[Site "Slovakia"]
[Date "2020.03.08"]
[Round "11.5"]
[White "Sustak, Roman"]
[Black "Janos, Ivan"]
[Result "0-1"]
[WhiteElo "1926"]
[BlackElo "2074"]
[PlyCount "58"]
[EventDate "2019.10.26"]
[EventType "team-tourn"]
[EventRounds "11"]
[EventCountry "SVK"]
[SourceTitle "CBM 195 Extra"]
[Source "ChessBase"]
[SourceDate "2020.05.31"]
[SourceVersion "1"]
[SourceVersionDate "2020.05.31"]
[SourceQuality "1"]
[WhiteTeam "Modra II"]
[BlackTeam "Krasnany"]
[WhiteTeamCountry "SVK"]
[BlackTeamCountry "SVK"]

1. Nf3 Nf6 2. d4 c5 3. d5 g6 4. c4 e6 5. Nc3 exd5 6. cxd5 d6 7. e4 Bg7 8. Bb5+ Bd7 9. Qa4 0-0 10. Bxd7 Nbxd7 11. 0-0 a6 12. Qc2 Re8 13. Bf4 Qe7 14. Rfe1 Ng4 15. Re2 Nde5 16. Nxe5 Bxe5 17. Bxe5 Qxe5 18. g3 b5 19. Rae1 Rac8 20. Qd2 Qd4 21. Kg2 b4 22. Nd1 Rxe4 23. Qg5 Rxe2 24. Rxe2 Ne5 25. Ne3 Qe4+ 26. Kh3 Nf3 27. Qg4 Ng1+ 28. Kh4 Qe7+ 29. Qg5 Nf3+ 0-1

[Event "Tatry op"]
[Site "Tatranske Zruby"]
[Date "2019.10.05"]
[Round "9"]
[White "Janos, Ivan"]
[Black "Jandourek, Lukas"]
[Result "1/2-1/2"]
[WhiteElo "2095"]
[BlackElo "2262"]
[PlyCount "57"]
[EventDate "2019.09.28"]
[EventType "swiss"]
[EventRounds "9"]
[EventCountry "SVK"]
[SourceTitle "EXT 2020"]
[Source "ChessBase"]
[SourceDate "2019.10.17"]
[SourceVersion "1"]
[SourceVersionDate "2019.10.17"]
[SourceQuality "1"]

1. e4 c6 2. d4 d5 3. Nc3 g6 4. f3 Bg7 5. Be3 Nf6 6. Qd2 dxe4 7. fxe4 Ng4 8. 0-0-0 Nxe3 9. Qxe3 e5 10. d5 Qe7 11. Nf3 Bg4 12. Be2 h5 13. Kb1 Bxf3 14. Qxf3 Nd7 15. Bc4 0-0 16. Rhf1 Rad8 17. g4 h4 18. d6 Qg5 19. Bxf7+ Kh7 20. Qe2 Nf6 21. Be6 Ne8 22. d7 Nc7 23. Rxf8 Rxf8 24. Bb3 Bh6 25. h3 Qe7 26. a3 Bg5 27. Qc4 Kh6 28. Qa4 Qc5 29. Qc4 1/2-1/2

[Event "Tatry op"]
[Site "Tatranske Zruby"]
[Date "2019.10.02"]
[Round "6"]
[White "Janos, Ivan"]
[Black "Bauer, Jan2222"]
[Result "1-0"]
[WhiteElo "2095"]
[BlackElo "1721"]
[PlyCount "53"]
[EventDate "2019.09.28"]
[EventType "swiss"]
[EventRounds "9"]
[EventCountry "SVK"]
[SourceTitle "EXT 2020"]
[Source "ChessBase"]
[SourceDate "2019.10.17"]
[SourceVersion "1"]
[SourceVersionDate "2019.10.17"]
[SourceQuality "1"]

1. e4 e6 2. d4 d5 3. Nc3 Bb4 4. e5 c5 5. a3 Ba5 6. b4 cxd4 7. Nb5 Bc7 8. Nf3 Ne7 9. Bd3 Nbc6 10. Qe2 Ng6 11. Bxg6 hxg6 12. Bg5 Qd7 13. 0-0 0-0 14. Nxc7 Qxc7 15. Rfe1 f6 16. exf6 gxf6 17. Bh6 Rf7 18. Qd3 Kh7 19. Nh4 f5 20. Qh3 e5 21. f4 e4 22. Bg5 Kg7 23. Nxg6 Rd7 24. Qh6+ Kf7 25. Qh7+ Ke6 26. Nf8+ Kd6 27. Qg6# 1-0

[Event "SVK-chT2A 1819"]
[Site "Slovakia"]
[Date "2018.11.18"]
[Round "4.5"]
[White "Janos, Ivan"]
[Black "Sefcik, Marek"]
[Result "1/2-1/2"]
[WhiteElo "2109"]
[BlackElo "2010"]
[PlyCount "62"]
[EventDate "2018.10.13"]
[EventType "team-tourn"]
[EventRounds "11"]
[EventCountry "SVK"]
[SourceTitle "CBM 189 Extra"]
[Source "ChessBase"]
[SourceDate "2019.06.03"]
[SourceVersion "1"]
[SourceVersionDate "2019.06.03"]
[SourceQuality "1"]
[WhiteTeam "Krasnany"]
[BlackTeam "Skalica"]
[WhiteTeamCountry "SVK"]
[BlackTeamCountry "SVK"]

1. e4 c5 2. Nf3 e6 3. d3 d5 4. Qe2 Nf6 5. g3 Be7 6. Bg2 0-0 7. 0-0 Nc6 8. e5 Nd7 9. c4 d4 10. Re1 Qc7 11. Bf4 Rd8 12. h4 Nf8 13. h5 h6 14. Nbd2 Nh7 15. Ne4 b6 16. Qd2 Bf8 17. g4 Bb7 18. Nf6+ gxf6 19. exf6 e5 20. Bxh6 Kh8 21. Bxf8 Rxf8 22. Qh6 Rg8 23. g5 Ne7 24. Rxe5 Ng6 25. hxg6 Rxg6 26. Qh2 Bxf3 27. Bxf3 Rag8 28. Be4 Qxe5 29. Qxe5 Rxg5+ 30. Qg3 Rxg3+ 31. fxg3 Nxf6 1/2-1/2

[Event "Tatry op"]
[Site "Tatranske Zruby"]
[Date "2018.10.05"]
[Round "7"]
[White "Janos, Ivan"]
[Black "Vyskocil, Neklan"]
[Result "0-1"]
[WhiteElo "2109"]
[BlackElo "2315"]
[PlyCount "106"]
[EventDate "2018.09.30"]
[EventType "swiss"]
[EventRounds "9"]
[EventCountry "SVK"]
[SourceTitle "CBM 186 Extra"]
[Source "ChessBase"]
[SourceDate "2018.08.24"]
[SourceVersion "1"]
[SourceVersionDate "2018.08.24"]
[SourceQuality "1"]

1. e4 g6 2. d4 Bg7 3. Nc3 d6 4. f4 Nf6 5. Nf3 0-0 6. a3 Bg4 7. h3 Bxf3 8. Qxf3 Nc6 9. Be3 e5 10. dxe5 dxe5 11. f5 Nd4 12. Qf2 Nd7 13. g4 Nb6 14. Bd3 Re8 15. 0-0 Qd7 16. Rad1 Rad8 17. Ne2 Qc6 18. c3 Nxe2+ 19. Qxe2 a6 20. c4 Nd7 21. b4 Nf6 22. Qf3 Rd7 23. c5 Red8 24. Bg5 gxf5 25. gxf5 Rd4 26. Kh2 Qd7 27. Rg1 Kf8 28. Be2 Qc6 29. Rxd4 Rxd4 30. Be3 Rxe4 31. Bd3 Rh4 32. Qf2 Rh5 33. Be2 Qe4 34. Bxh5 Nxh5 35. Qd2 Nf6 36. Bg5 Nd5 37. f6 Bxf6 38. Bh6+ Ke7 39. Re1 Qf5 40. Rd1 c6 41. a4 e4 42. Qg2 Be5+ 43. Kh1 Qh5 44. Qg5+ Qxg5 45. Bxg5+ f6 46. Bd2 f5 47. Re1 Ke6 48. Kg2 Bd4 49. Kf1 Ke5 50. Rb1 f4 51. b5 axb5 52. axb5 e3 53. bxc6 bxc6 0-1

[Event "Tatry op"]
[Site "Tatranske Zruby"]
[Date "2018.10.03"]
[Round "4"]
[White "Janos, Ivan"]
[Black "Ruckschloss, Karol"]
[Result "1/2-1/2"]
[WhiteElo "2109"]
[BlackElo "2253"]
[PlyCount "75"]
[EventDate "2018.09.30"]
[EventType "swiss"]
[EventRounds "9"]
[EventCountry "SVK"]
[SourceTitle "CBM 186 Extra"]
[Source "ChessBase"]
[SourceDate "2018.08.24"]
[SourceVersion "1"]
[SourceVersionDate "2018.08.24"]
[SourceQuality "1"]

1. e4 d6 2. d4 Nf6 3. Nc3 Nbd7 4. Nf3 e5 5. Bc4 Be7 6. a4 0-0 7. a5 c6 8. 0-0 Qc7 9. Qe2 b5 10. axb6 Nxb6 11. Bd3 Bg4 12. dxe5 dxe5 13. h3 Bh5 14. Bg5 Rfe8 15. Bh4 Nfd7 16. g4 Bg6 17. Bxe7 Rxe7 18. Nh4 Nc5 19. Bc4 Nxc4 20. Qxc4 Ne6 21. Ra6 Rc8 22. Rd1 Rd7 23. Nf5 Nf4 24. Ne7+ Rxe7 25. Rxc6 h5 26. Rxc7 Rcxc7 27. Rd8+ Kh7 28. Qb4 Rb7 29. Qc5 Ne6 30. Qa5 Nxd8 31. Qxd8 Red7 32. Qc8 Rdc7 33. Qd8 f6 34. Kh2 Rc4 35. Qd5 Rbb4 36. gxh5 Bxh5 37. Na2 Ra4 38. Nc3 1/2-1/2

[Event "SVK-chT2A 1718"]
[Site "Slovakia"]
[Date "2018.02.04"]
[Round "7.4"]
[White "Darazs, Zoltan"]
[Black "Janos, Ivan"]
[Result "1-0"]
[WhiteElo "2175"]
[BlackElo "2091"]
[PlyCount "43"]
[EventDate "2017.10.28"]
[EventType "team-tourn"]
[EventRounds "11"]
[EventCountry "SVK"]
[SourceTitle "EXT 2019"]
[Source "ChessBase"]
[SourceDate "2018.10.10"]
[SourceVersion "1"]
[SourceVersionDate "2018.10.10"]
[SourceQuality "1"]
[WhiteTeam "Potonska Veza"]
[BlackTeam "Krasnany"]
[WhiteTeamCountry "SVK"]
[BlackTeamCountry "SVK"]

1. e4 c5 2. Nf3 Nc6 3. d4 cxd4 4. Nxd4 Nf6 5. Nc3 e5 6. Ndb5 d6 7. Bg5 a6 8. Na3 b5 9. Bxf6 gxf6 10. Nd5 f5 11. Bd3 Be6 12. Qh5 Bg7 13. c3 Rb8 14. Nc2 b4 15. Ndxb4 Nxb4 16. Nxb4 fxe4 17. Bxe4 d5 18. Rd1 Qa5 19. Nxd5 Rxb2 20. 0-0 h6 21. Nf4 Bxa2 22. Qg4 1-0

[Event "SVK-chT2A 1718"]
[Site "Slovakia"]
[Date "2017.10.29"]
[Round "2.4"]
[White "Sefcik, Marek"]
[Black "Janos, Ivan"]
[Result "0-1"]
[WhiteElo "2007"]
[BlackElo "2091"]
[PlyCount "86"]
[EventDate "2017.10.28"]
[EventType "team-tourn"]
[EventRounds "11"]
[EventCountry "SVK"]
[SourceTitle "EXT 2019"]
[Source "ChessBase"]
[SourceDate "2018.10.10"]
[SourceVersion "1"]
[SourceVersionDate "2018.10.10"]
[SourceQuality "1"]
[WhiteTeam "Osuske II"]
[BlackTeam "Krasnany"]
[WhiteTeamCountry "SVK"]
[BlackTeamCountry "SVK"]

1. Nf3 Nf6 2. e3 g6 3. d4 Bg7 4. Nbd2 d6 5. b3 0-0 6. Bb2 Nc6 7. Be2 e5 8. dxe5 Ng4 9. 0-0 Re8 10. Nc4 d5 11. Na3 Ngxe5 12. Nxe5 Nxe5 13. Qc1 Bf5 14. f4 Ng4 15. Bxg7 Kxg7 16. Bxg4 Bxg4 17. Re1 c5 18. Qd2 a6 19. h3 Bf5 20. Rad1 Be4 21. c4 Qf6 22. cxd5 b5 23. Rc1 Rac8 24. d6 Red8 25. Red1 Rc6 26. d7 Rc7 27. Qd6 Rcxd7 28. Qxf6+ Kxf6 29. Rxd7 Rxd7 30. Nb1 b4 31. a3 a5 32. axb4 cxb4 33. g4 Rd3 34. Kf2 Rxb3 35. Nd2 Rb2 36. Ke1 Bd3 37. g5+ Ke7 38. Rc7+ Ke6 39. Rc6+ Kd7 40. Rf6 a4 41. Rxf7+ Kc6 42. Ra7 a3 43. e4 a2 0-1

[Event "Tatry op"]
[Site "Tatranska Lomnica"]
[Date "2017.10.09"]
[Round "2"]
[White "Polatel, Ali"]
[Black "Janos, Ivan"]
[Result "1-0"]
[WhiteElo "2268"]
[BlackElo "2073"]
[PlyCount "83"]
[EventDate "2017.10.08"]
[EventType "swiss"]
[EventRounds "9"]
[EventCountry "SVK"]
[SourceTitle "CBM 181 Extra"]
[Source "ChessBase"]
[SourceDate "2017.12.12"]
[SourceVersion "1"]
[SourceVersionDate "2017.12.12"]
[SourceQuality "1"]

1. c4 Nf6 2. g3 g6 3. Bg2 Bg7 4. Nc3 0-0 5. e4 e5 6. Nge2 Nc6 7. 0-0 d6 8. d3 Nd4 9. Nxd4 exd4 10. Ne2 c5 11. b4 Bg4 12. bxc5 Bxe2 13. Qxe2 dxc5 14. Rb1 Qe7 15. e5 Rab8 16. Qf3 Nd7 17. Rxb7 Rfe8 18. Bf4 Rxb7 19. Qxb7 Nxe5 20. Qxe7 Rxe7 21. Rb1 h5 22. Rb3 Bf6 23. h4 Kg7 24. Bd5 Ng4 25. Kf1 Ne5 26. Bc1 Ng4 27. Ba3 Rc7 28. Rb5 Be7 29. Rb8 Bd6 30. Rd8 Be7 31. Ra8 Bd6 32. Bc1 Re7 33. Rd8 Bc7 34. Rc8 Ba5 35. Ba3 Bb4 36. Bxb4 cxb4 37. c5 Ne5 38. c6 Kf6 39. Be4 Ke6 40. Rd8 f5 41. Bd5+ Kf6 42. f4 1-0

[Event "SVK-chT2A 1617"]
[Site "Slovakia"]
[Date "2017.02.11"]
[Round "8.4"]
[White "Janos, Ivan"]
[Black "Helbich, Branislav"]
[Result "1/2-1/2"]
[WhiteElo "2008"]
[BlackElo "1970"]
[PlyCount "108"]
[EventDate "2016.10.08"]
[EventType "team-tourn"]
[EventRounds "11"]
[EventCountry "SVK"]
[SourceTitle "EXT 2018"]
[Source "ChessBase"]
[SourceDate "2017.10.13"]
[SourceVersion "1"]
[SourceVersionDate "2017.10.13"]
[SourceQuality "1"]
[WhiteTeam "Krasnany"]
[BlackTeam "Bratislava Doprastav II"]
[WhiteTeamCountry "SVK"]
[BlackTeamCountry "SVK"]

1. e4 e5 2. Nf3 Nc6 3. Bb5 a6 4. Bxc6 dxc6 5. d3 Bd6 6. Be3 Nf6 7. h3 h6 8. c4 c5 9. Nc3 c6 10. 0-0 0-0 11. Qd2 Kh7 12. Ne2 Ng8 13. b4 cxb4 14. c5 Bc7 15. Rfd1 a5 16. Qb2 Qe7 17. Ng3 f6 18. Nh4 g6 19. Nf3 Be6 20. d4 exd4 21. Bxd4 Bc4 22. Qc2 Qf7 23. Nd2 Bb5 24. Rab1 Rad8 25. Qb2 Rd7 26. Nf3 Rfd8 27. Qa1 Bc4 28. e5 Bxa2 29. Rbc1 Bb3 30. Re1 fxe5 31. Bxe5 a4 32. Ne4 Qf5 33. Nd6 Bxd6 34. Bxd6 Rf7 35. Qd4 Nf6 36. Re5 Qd7 37. Qxb4 Nd5 38. Qh4 Kg7 39. Rce1 Ra8 40. Qd4 Kg8 41. Re6 Rg7 42. Nd2 Bc2 43. Qc4 Bf5 44. R6e2 b5 45. Qh4 h5 46. Ne4 Re8 47. Nf6+ Nxf6 48. Qxf6 Rxe2 49. Rxe2 Rf7 50. Qc3 Be6 51. Qe1 Bc4 52. Re8+ Kh7 53. Qe5 Rg7 54. Bf8 Rf7 1/2-1/2

[Event "SVK-chT2A 1617"]
[Site "Slovakia"]
[Date "2016.11.05"]
[Round "3.5"]
[White "Jablonicky, Frantisek"]
[Black "Janos, Ivan"]
[Result "1-0"]
[WhiteElo "2114"]
[BlackElo "2008"]
[PlyCount "129"]
[EventDate "2016.10.08"]
[EventType "team-tourn"]
[EventRounds "11"]
[EventCountry "SVK"]
[SourceTitle "CBM 175 Extra"]
[Source "ChessBase"]
[SourceDate "2016.12.12"]
[SourceVersion "1"]
[SourceVersionDate "2016.12.12"]
[SourceQuality "1"]
[WhiteTeam "Sered MSK"]
[BlackTeam "Krasnany"]
[WhiteTeamCountry "SVK"]
[BlackTeamCountry "SVK"]

1. Nf3 Nf6 2. c4 c5 3. g3 g6 4. d4 Bg7 5. Bg2 0-0 6. 0-0 d6 7. Nc3 Nc6 8. e3 Bg4 9. h3 Bd7 10. b3 a6 11. Bb2 Qa5 12. d5 Na7 13. Qe2 b5 14. Nd2 Rab8 15. Rfc1 e5 16. dxe6 Bxe6 17. Nd5 Bxd5 18. cxd5 Rfe8 19. Rc2 Qd8 20. Re1 Nc8 21. Qd1 Nb6 22. Qa1 Nbd7 23. f4 Nh5 24. Bxg7 Nxg7 25. Ne4 Qe7 26. g4 h6 27. Qc3 f5 28. Nf2 Nf6 29. Rce2 Ne4 30. Nxe4 fxe4 31. Rd1 Qh4 32. Qe1 Qxe1+ 33. Rexe1 Re7 34. Bf1 Ne8 35. Rb1 a5 36. Kf2 Kf7 37. Kg3 Kf6 38. h4 Nc7 39. g5+ hxg5 40. hxg5+ Kg7 41. Red1 Ree8 42. Rb2 Rh8 43. Rh2 Rxh2 44. Kxh2 a4 45. Bg2 axb3 46. axb3 Ra8 47. Kg3 Ra3 48. Bxe4 Rxb3 49. Kf3 Ra3 50. Rh1 b4 51. Rh6 Ne8 52. Rxg6+ Kf7 53. Re6 Ra8 54. f5 b3 55. f6 Rb8 56. g6+ Kf8 57. f7 Nc7 58. Rxd6 Nb5 59. Rd7 Nc3 60. Bf5 b2 61. d6 b1Q 62. Bxb1 Nxb1 63. Rc7 Kg7 64. d7 Rd8 65. Rc8 1-0

[Event "SVK-chT2A 1516"]
[Site "Slovakia"]
[Date "2016.02.13"]
[Round "8.3"]
[White "Janos, Ivan"]
[Black "Kovacocy, Pavol"]
[Result "0-1"]
[WhiteElo "2057"]
[BlackElo "2175"]
[PlyCount "71"]
[EventDate "2015.10.17"]
[EventType "team-tourn"]
[EventRounds "11"]
[EventCountry "SVK"]
[SourceTitle "EXT 2017"]
[Source "ChessBase"]
[SourceDate "2016.10.25"]
[SourceVersion "1"]
[SourceVersionDate "2016.10.25"]
[SourceQuality "1"]
[WhiteTeam "Pezinok"]
[BlackTeam "Trnava Lokomotiva II"]
[WhiteTeamCountry "SVK"]
[BlackTeamCountry "SVK"]

1. e4 g6 2. d4 Bg7 3. Nc3 c5 4. dxc5 Bxc3+ 5. bxc3 Qa5 6. Bd2 Qxc5 7. Nf3 d6 8. Rb1 Qc7 9. Nd4 a6 10. Be2 Nf6 11. Bf3 Nbd7 12. 0-0 Ne5 13. h3 b6 14. Bh6 Nfd7 15. Be2 Bb7 16. f4 Nc4 17. Qd3 b5 18. Bf3 Rc8 19. Qe2 e5 20. fxe5 Ncxe5 21. Qf2 Qxc3 22. Rb3 Nxf3+ 23. Nxf3 Qxc2 24. Nd2 f6 25. Rf3 Kd8 26. Bg7 Rg8 27. Bxf6+ Nxf6 28. Rxf6 Qc5 29. Rf7 Rc7 30. Qxc5 dxc5 31. Nb3 c4 32. Nc5 Rxc5 33. Rxb7 c3 34. Rc1 Re8 35. Rb8+ Ke7 36. Kf2 0-1

[Event "SVK-chT2A 1516"]
[Site "Slovakia"]
[Date "2016.01.24"]
[Round "7.4"]
[White "Janos, Ivan"]
[Black "Kalmar, Tamas"]
[Result "1/2-1/2"]
[WhiteElo "2057"]
[BlackElo "2008"]
[PlyCount "77"]
[EventDate "2015.10.17"]
[EventType "team-tourn"]
[EventRounds "11"]
[EventCountry "SVK"]
[SourceTitle "CBM 170 Extra"]
[Source "ChessBase"]
[SourceDate "2016.02.25"]
[SourceVersion "1"]
[SourceVersionDate "2016.02.25"]
[SourceQuality "1"]
[WhiteTeam "Pezinok"]
[BlackTeam "Velky Meder"]
[WhiteTeamCountry "SVK"]
[BlackTeamCountry "SVK"]

1. e4 c6 2. d4 d5 3. e5 Bf5 4. Nf3 e6 5. Be2 Nd7 6. Nbd2 Qb6 7. 0-0 Bg4 8. a4 Ne7 9. a5 Qc7 10. Re1 a6 11. h3 Bh5 12. Nb3 c5 13. Nxc5 Nxc5 14. dxc5 Nc6 15. Be3 Be7 16. c3 Bxf3 17. Bxf3 Nxe5 18. Bd4 Nxf3+ 19. Qxf3 0-0 20. Qg4 g6 21. b4 Qd7 22. Qe2 Qc7 23. Qe3 Rfe8 24. Qf3 Bg5 25. Be5 Qe7 26. Rad1 Rad8 27. Rd4 f6 28. Bd6 Qf7 29. h4 Bh6 30. Red1 Bg7 31. Qg3 Rd7 32. R4d3 Red8 33. Qe3 Bf8 34. Bxf8 Kxf8 35. Qh6+ Qg7 36. Qd2 Qf7 37. Qh6+ Qg7 38. Qe3 Qf7 39. Qh6+ 1/2-1/2

[Event "SVK-chT2A 1516"]
[Site "Slovakia"]
[Date "2015.10.18"]
[Round "2.4"]
[White "Bango, Lukas"]
[Black "Janos, Ivan"]
[Result "0-1"]
[WhiteElo "2052"]
[BlackElo "2057"]
[PlyCount "58"]
[EventDate "2015.10.17"]
[EventType "team-tourn"]
[EventRounds "11"]
[EventCountry "SVK"]
[SourceTitle "CBM 169 Extra"]
[Source "ChessBase"]
[SourceDate "2015.12.18"]
[SourceVersion "1"]
[SourceVersionDate "2015.12.18"]
[SourceQuality "1"]
[WhiteTeam "Trnava Modranka"]
[BlackTeam "Pezinok"]
[WhiteTeamCountry "SVK"]
[BlackTeamCountry "SVK"]

1. e4 c5 2. c3 Nf6 3. e5 Nd5 4. d4 cxd4 5. Nf3 d6 6. exd6 Qxd6 7. cxd4 g6 8. Nc3 Nxc3 9. bxc3 Bg7 10. Bb5+ Nc6 11. 0-0 0-0 12. Qa4 Bg4 13. Ba3 Qc7 14. Nd2 a6 15. Bxc6 bxc6 16. Rfe1 Be6 17. Nb3 Bf6 18. Na5 Rab8 19. g3 Rb5 20. Bb4 Rfb8 21. Rab1 c5 22. dxc5 Bxc3 23. Bxc3 Rxb1 24. Nc6 Rxe1+ 25. Bxe1 Rb1 26. Kf1 Bd5 27. Nd4 Qxc5 28. Ne2 Bc4 29. Qc2 Qd5 0-1

[Event "SVK-chT2A 1415"]
[Site "Slovakia"]
[Date "2015.02.14"]
[Round "8.3"]
[White "Janos, Ivan"]
[Black "Slacky, Stanislav"]
[Result "1/2-1/2"]
[WhiteElo "2171"]
[BlackElo "2191"]
[PlyCount "100"]
[EventDate "2014.10.11"]
[EventType "team-tourn"]
[EventRounds "11"]
[EventCountry "SVK"]
[SourceTitle "EXT 2016"]
[Source "ChessBase"]
[SourceDate "2015.10.08"]
[SourceVersion "1"]
[SourceVersionDate "2015.10.08"]
[SourceQuality "1"]
[WhiteTeam "Pezinok"]
[BlackTeam "Bratislava Lokomotiva"]
[WhiteTeamCountry "SVK"]
[BlackTeamCountry "SVK"]

1. e4 Nf6 2. e5 Nd5 3. d4 d6 4. c4 Nb6 5. exd6 exd6 6. Nf3 Bg4 7. Nc3 Nc6 8. Be3 Be7 9. b3 0-0 10. Be2 d5 11. c5 Nc8 12. h3 Bh5 13. Qd2 Bf6 14. 0-0-0 b6 15. g4 Bg6 16. Bb5 Na5 17. Ne5 Bxe5 18. dxe5 c6 19. f4 Ne7 20. Be2 f5 21. exf6 Rxf6 22. f5 Be8 23. Ne4 Rf8 24. f6 gxf6 25. Bh6 Bg6 26. Nd6 Qc7 27. Rdf1 bxc5 28. Bxf8 Rxf8 29. Nf5 c4 30. b4 Qe5 31. Qh6 Qc3+ 32. Kb1 Nxf5 33. gxf5 Rb8 34. a3 Qb3+ 35. Kc1 Qxa3+ 36. Kc2 Qxb4 37. Rc1 Re8 38. fxg6 Qb3+ 39. Kd2 Qb2+ 40. Rc2 Rxe2+ 41. Kxe2 Qxc2+ 42. Ke3 Qd3+ 43. Kf2 hxg6 44. Rg1 Qf5+ 45. Ke2 g5 46. Rf1 Qe4+ 47. Kf2 Nb3 48. Kg1 Qd4+ 49. Kg2 Qe4+ 50. Kg1 Qd4+ 1/2-1/2

[Event "SVK-chT2A 1314"]
[Site "Slovakia"]
[Date "2014.03.15"]
[Round "10.2"]
[White "Janos, Ivan"]
[Black "Certek, Pavel"]
[Result "0-1"]
[WhiteElo "2105"]
[BlackElo "2286"]
[PlyCount "120"]
[EventDate "2013.10.19"]
[EventType "team-tourn"]
[EventRounds "11"]
[EventCountry "SVK"]
[SourceTitle "EXT 2015"]
[Source "ChessBase"]
[SourceDate "2014.11.20"]
[SourceVersion "1"]
[SourceVersionDate "2014.11.20"]
[SourceQuality "1"]
[WhiteTeam "Pezinok"]
[BlackTeam "Bratislava DP"]
[WhiteTeamCountry "SVK"]
[BlackTeamCountry "SVK"]

1. e4 c5 2. a3 g6 3. b4 Bg7 4. Nc3 d6 5. Nf3 Nf6 6. Rb1 0-0 7. b5 d5 8. exd5 Nxd5 9. Nxd5 Qxd5 10. Be2 b6 11. 0-0 Bb7 12. Rb3 Qd8 13. Bb2 Bxb2 14. Rxb2 Nd7 15. Rb3 e5 16. Ne1 Nf6 17. f4 Qd4+ 18. Kh1 exf4 19. Nf3 Qd6 20. Qa1 Be4 21. Bd3 Bd5 22. c4 Bb7 23. Bb1 Nh5 24. Rd3 Qf6 25. Qxf6 Nxf6 26. Rd6 Kg7 27. d4 cxd4 28. Rxd4 Rad8 29. Rxf4 Nh5 30. Rh4 Rfe8 31. Kg1 Re7 32. Kf2 Nf6 33. h3 Red7 34. Re1 Rd1 35. Rf4 Nh5 36. Rg4 Bxf3 37. gxf3 R8d2+ 38. Kf1 Nf6 39. Rg3 Rxe1+ 40. Kxe1 Rb2 41. Bd3 Rb3 42. Kd2 Rxa3 43. Rg1 Nd7 44. Be4 Ne5 45. Bd5 Kf6 46. Kc2 Nd3 47. Rd1 Nb4+ 48. Kb2 Rd3 49. Rxd3 Nxd3+ 50. Kc3 Nf4 51. Kd4 Nxh3 52. c5 bxc5+ 53. Kxc5 Nf4 54. Bc4 h5 55. Kc6 h4 56. Kb7 h3 57. Kxa7 h2 58. b6 h1Q 59. b7 Qg1+ 60. Ka6 Qa1+ 0-1